| 000 | 03601cam a2200829 i 4500 | ||
|---|---|---|---|
| 001 | ocn989964120 | ||
| 003 | OCoLC | ||
| 005 | 20200320212353.0 | ||
| 008 | 180104s2018 nyua b 000 1 eng | ||
| 010 | _a 2018000335 | ||
| 019 |
_a1023434696 _a1023434937 |
||
| 020 |
_a9781534409170 _q(hardback) |
||
| 020 | _a1534409173 | ||
| 020 | _c17.99 | ||
| 035 |
_a(OCoLC)989964120 _z(OCoLC)1023434696 _z(OCoLC)1023434937 |
||
| 040 |
_aDLC _beng _erda _cDLC _dXH5 _dUAP _dTXLBH _dILC _dTJZ _dOCLCF _dNYP _dBKL _dIS# _dCPCBT _dEHH _dDLC _dWACOL |
||
| 042 |
_alcac _apcc |
||
| 049 | _aWACL | ||
| 050 | 0 | 0 |
_aPZ7.G77577 _bOl 2018 |
| 082 | 0 | 0 |
_a[E] _223 |
| 084 |
_aJUV002000 _aJUV048000 _aJUV039100 _2bisacsh |
||
| 092 |
_aE _bGra |
||
| 100 | 1 |
_aGravett, Emily, _eauthor, _eillustrator. _954861 |
|
| 245 | 1 | 0 |
_aOld hat / _cEmily Gravett. |
| 250 | _aFirst US edition. | ||
| 264 | 1 |
_aNew York : _bSimon & Schuster Books for Young Readers, _c2018. |
|
| 300 |
_a1 volume (unpaged) : _bcolor illustrations ; _c27 cm |
||
| 336 | _atext | ||
| 336 | _astill image | ||
| 337 | _aunmediated | ||
| 338 | _avolume | ||
| 500 | _a"Originally published in Great Britain in 2017 by Macmillan Children's Books"--Copyright page. | ||
| 521 | 1 | _aAges 4-8. | |
| 520 | _aAfter buying one outrageous hat after another in an attempt to keep up with the latest fashions set by his teasing animal friends, Harbet the dog learns that true happiness comes from being yourself. | ||
| 650 | 1 |
_aIndividuality _vFiction. _95674497 |
|
| 650 | 1 |
_aPeer pressure _vFiction. _95974805 |
|
| 650 | 1 |
_aHats _vFiction. _95704679 |
|
| 650 | 1 |
_aDogs _vFiction. _95674795 |
|
| 650 | 1 |
_aAnimals _vFiction. _95678722 |
|
| 650 | 7 |
_aJUVENILE FICTION / Animals / General. _2bisacsh _95700116 |
|
| 650 | 7 |
_aJUVENILE FICTION / Clothing & Dress. _2bisacsh _95751815 |
|
| 650 | 7 |
_aJUVENILE FICTION / Social Issues / Peer Pressure. _2bisacsh _95889129 |
|
| 650 | 0 |
_aIndividuality _vJuvenile fiction. _95675473 |
|
| 650 | 0 |
_aPeer pressure _vJuvenile fiction. _95974806 |
|
| 650 | 0 |
_aFads _vJuvenile fiction. _95974807 |
|
| 650 | 0 |
_aHats _vJuvenile fiction. _95679249 |
|
| 650 | 0 |
_aDogs _vJuvenile fiction. _95674840 |
|
| 650 | 0 |
_aAnimals _vJuvenile fiction. _95678723 |
|
| 650 | 7 |
_aAnimals. _2fast _0(OCoLC)fst00809468 _95974808 |
|
| 650 | 7 |
_aDogs. _2fast _0(OCoLC)fst00896265 _95974809 |
|
| 650 | 7 |
_aFads. _2fast _0(OCoLC)fst00919810 _95974810 |
|
| 650 | 7 |
_aHats. _2fast _0(OCoLC)fst00951903 _95974811 |
|
| 650 | 7 |
_aIndividuality. _2fast _0(OCoLC)fst00970343 _95974812 |
|
| 650 | 7 |
_aPeer pressure. _2fast _0(OCoLC)fst01056583 _95974813 |
|
| 650 | 4 |
_aHats _vJuvenile fiction. _95679249 |
|
| 650 | 4 |
_aPeer pressure _vJuvenile fiction. _95974806 |
|
| 650 | 4 |
_aAnimals _vJuvenile fiction. _95678723 |
|
| 650 | 4 |
_aDogs _xJuvenile fiction. _95974814 |
|
| 655 | 7 |
_aFiction. _2fast _0(OCoLC)fst01423787 _95673940 |
|
| 655 | 7 |
_aJuvenile works. _2fast _0(OCoLC)fst01411637 _95673941 |
|
| 655 | 7 |
_aPicture books. _2fast _0(OCoLC)fst01726789 _95684358 |
|
| 655 | 7 |
_aPicture books. _2lcgft _95684358 |
|
| 938 |
_aYBP Library Services _bYANK _n14553507 |
||
| 938 |
_aChildren's Plus, Inc. _bCHIL _n2048882 |
||
| 938 |
_aBaker and Taylor _bBTCP _nBK0020911171 |
||
| 938 |
_aBrodart _bBROD _n120263890 |
||
| 942 |
_cBOOK _036 |
||
| 948 |
_a07/18/2018 _zSirsi |
||
| 994 |
_aC0 _bWACOL |
||
| 996 |
_a151294 _b34301001555533 _cE _dbk _ewcl _fo _g23 _h17.99 _lamazon _mGra _p07/18/2018 _q02/18/2020 _r03/16/2020 |
||
| 996 |
_a151294 _b34301001570144 _cE _dbk _ewcl _fi _g13 _h17.99 _lutahstatelibrary _mGra _p11/19/2018 _q02/11/2020 _r01/29/2020 |
||
| 999 |
_c310778 _d310777 |
||